| 000 | 00525nam a2200229Ia 4500 | ||
|---|---|---|---|
| 003 | OSt | ||
| 005 | 20220912153229.0 | ||
| 006 | a|||||r|||| 00| 0 | ||
| 007 | ta | ||
| 008 | 220909b |||||||| |||| 00| 0 eng d | ||
| 024 | _a851 | ||
| 037 | _cTextual | ||
| 040 |
_aCSL _beng _cCSL |
||
| 041 | _aeng | ||
| 082 | _aB2, K83 | ||
| 100 | _aSharma Har swaroop | ||
| 245 | 0 | _aModern algebra | |
| 260 | _c1968 | ||
| 300 |
_ap. _ccm. |
||
| 942 |
_hB2, K83 _cTEXL _2CC |
||
| 999 |
_c99429 _d99429 |
||